| 000 | 00955nam a22002177a 4500 | ||
|---|---|---|---|
| 999 |
_c4838 _d4838 |
||
| 003 | AR-CdUCM | ||
| 008 | 190311b ||||| |||| 00| 0 spa d | ||
| 040 |
_aMUNICIPALIDAD PROVINCIAL DEL CUSCO _cBIBLIOTECA MUNICIPAL DEL CUSCO |
||
| 041 | _hchi | ||
| 082 |
_a951.2 / _bSH47 |
||
| 100 |
_aShaoqi, Liu _914898 |
||
| 245 |
_aSobre la autocultivacion de los comunistas : _bdiscurso en el instituto del marxismo - leninismo de Yan´an, en julio de 1939 / |
||
| 260 |
_aBeijing : _bLenguas extranjeras, _c1981. |
||
| 300 |
_a107 paginas ; _c18 cm. |
||
| 505 | _aPor que deben autocultivarse los miembros del partido comunista -- Esforzarse por llegar a ser los mejores discípulos de Marx y Lenin -- Autocultivacion de los miembros del partido comunista y practica revolucionaria de las masas ... | ||
| 650 |
_aPartido comunista _92203 |
||
| 650 |
_aRevolución cultural _94127 |
||
| 650 |
_aMarxismo-Leninismo _94040 |
||
| 942 |
_2ddc _cLIBROS |
||
| 945 | _aacv | ||